[Event "Oban Open"]
[Site "Oban"]
[Date "2015.11.20"]
[Round "1"]
[White "Bhopal, Raj"]
[Black "Greet, Andrew"]
[Result "0-1"]
[WhiteElo "1942"]
[BlackElo "2496"]
[PlyCount "98"]
[EventDate "2015.10.??"]
[EventType "swiss"]
[EventRounds "5"]
[EventCountry "SCO"]
[SourceDate "2015.12.10"]

1. d4 d5 2. Nf3 Nf6 3. Bf4 c5 4. c3 Qb6 5. Qb3 Nc6 6. e3 c4 7. Qc2 Bf5 8. Qc1
h6 9. h3 e6 10. Nbd2 Qd8 11. Be2 b5 12. Ne5 Nxe5 13. dxe5 Nd7 14. Nf3 g5 15.
Bh2 Bg7 16. Nd4 Bxe5 17. Bxe5 Nxe5 18. Nxb5 Nd3+ 19. Bxd3 Bxd3 20. Nd4 O-O 21.
Qd2 a5 22. f3 e5 23. Ne2 Qb6 24. h4 g4 25. fxg4 Qg6 26. g5 hxg5 27. h5 Qe4 28.
Ng3 Qg4 29. Qf2 Ra6 30. Qf3 Qxf3 31. gxf3 a4 32. Rg1 Kh7 33. Rd1 Rb8 34. Rg2
Kh6 35. e4 dxe4 36. fxe4 Rf6 37. Rdd2 Rf4 38. Rgf2 g4 39. a3 Kg5 40. Kd1 Rb6
41. Rh2 Rbf6 42. Rdg2 Bxe4 43. Nxe4+ Rxe4 44. Re2 Rxe2 45. Kxe2 Rh6 46. b4 cxb3
47. Kd2 g3 48. Rg2 Kg4 49. c4 Rxh5 0-1

[Event "Oban Open"]
[Site "Oban"]
[Date "2015.11.20"]
[Round "1"]
[White "Orr, Mark JL"]
[Black "Slinger, Anthony"]
[Result "1/2-1/2"]
[WhiteElo "2169"]
[BlackElo "1926"]
[PlyCount "117"]
[EventDate "2015.10.??"]
[EventType "swiss"]
[EventRounds "5"]
[EventCountry "SCO"]
[SourceDate "2015.12.10"]

1. c4 c5 2. e3 Nf6 3. d4 e6 4. Nf3 a6 5. a3 d5 6. dxc5 Bxc5 7. b4 Be7 8. Bb2
O-O 9. Nbd2 Nc6 10. Be2 Bd7 11. O-O dxc4 12. Nxc4 b5 13. Nce5 Rc8 14. Nxd7 Qxd7
15. Qb3 Rfd8 16. Rfd1 Qe8 17. Ne1 Nd7 18. a4 Bxb4 19. axb5 axb5 20. Bxb5 Bf8
21. Rac1 Ndb8 22. Qa4 Qd7 23. Rc2 Qb7 24. Rdc1 Ne7 25. Rxc8 Rxc8 26. Rxc8 Nxc8
27. Bd4 Nd6 28. Bd3 Nc6 29. Bc3 h6 30. h3 Qc8 31. Nf3 Ne7 32. Bd2 Qc6 33. Qa2
Qd5 34. Qb1 Qb7 35. Qxb7 Nxb7 36. Ne5 Nc5 37. Bc4 Nc8 38. f3 Bd6 39. Nd3 Nb6
40. Bb5 Nxd3 41. Bxd3 Nd5 42. g4 Bc5 43. Kf2 Nf4 44. Bf1 Nd5 45. Bc4 Nf6 46.
Ke2 Kf8 47. Kd3 Ke7 48. Bc3 Kf8 49. e4 Ke7 50. f4 Ne8 51. e5 g6 52. Ke4 Ng7 53.
Bb5 h5 54. Be1 hxg4 55. hxg4 Kf8 56. Bh4 Ne8 57. Bd8 Ng7 58. Bg5 Ne8 59. Bd8
1/2-1/2

[Event "Oban Open"]
[Site "Oban"]
[Date "2015.11.20"]
[Round "1"]
[White "Ridge, Michael"]
[Black "Bamber, Elaine"]
[Result "0-1"]
[WhiteElo "1916"]
[BlackElo "2106"]
[PlyCount "140"]
[EventDate "2015.10.??"]
[EventType "swiss"]
[EventRounds "5"]
[EventCountry "SCO"]
[SourceDate "2015.12.10"]

1. c4 e6 2. Nc3 Nf6 3. e4 Bb4 4. e5 Bxc3 5. dxc3 Ng8 6. Qg4 g6 7. Bg5 f6 8.
exf6 Nxf6 9. Qh4 O-O 10. Nf3 d6 11. O-O-O e5 12. Nxe5 Qe7 13. Nf3 Nbd7 14. Bd3
Nc5 15. Rhe1 Qf7 16. Bxf6 Qxf6 17. Qxf6 Rxf6 18. Re7 Rf7 19. Re8+ Rf8 20. Re7
Rf7 21. Re8+ Rf8 22. Re7 Bg4 23. b4 Bxf3 24. gxf3 Nxd3+ 25. Rxd3 Rf7 26. Rde3
Raf8 27. Rxf7 Rxf7 28. Kd2 Kf8 29. Ke2 Rf5 30. Re4 Rg5 31. Rg4 Re5+ 32. Re4 Rh5
33. h4 Kf7 34. Ke3 Kf6 35. Rf4+ Rf5 36. Ke4 Ke6 37. Rxf5 gxf5+ 38. Kf4 Kf6 39.
h5 h6 40. b5 a6 41. bxa6 bxa6 42. a3 c5 43. a4 a5 44. Kg3 Ke5 45. Kh3 Kf4 46.
Kg2 Kg5 47. Kg3 f4+ 48. Kg2 Kxh5 49. Kh3 Kg5 50. Kh2 Kf5 51. Kh3 h5 52. Kh4 Kg6
53. Kh3 Kg5 54. Kh2 Kf5 55. Kh3 Ke5 56. Kh4 d5 57. cxd5 Kxd5 58. Kxh5 Kc4 59.
Kg5 Kxc3 60. Kxf4 Kd4 61. Kg4 c4 62. f4 c3 63. f5 c2 64. Kg5 c1=Q+ 65. f4 Qc8
66. f6 Qg8+ 67. Kf5 Qf7 68. Kg5 Ke4 69. f5 Ke5 70. Kg4 Qxf6 0-1

[Event "Oban Open"]
[Site "Oban"]
[Date "2015.11.20"]
[Round "1"]
[White "Robertson, Ian C"]
[Black "Gillies, Alex"]
[Result "0-1"]
[WhiteElo "2085"]
[BlackElo "1908"]
[PlyCount "46"]
[EventDate "2015.10.??"]
[EventType "swiss"]
[EventRounds "5"]
[EventCountry "SCO"]
[SourceDate "2015.12.10"]

1. e4 d5 2. exd5 Nf6 3. Be2 Nxd5 4. d4 Bf5 5. Nf3 e6 6. c4 Nb4 7. Na3 N8c6 8.
Be3 Be7 9. O-O Bf6 10. Qd2 Qe7 11. Rfd1 Rd8 12. Qc3 O-O 13. Rd2 Rd7 14. Qb3
Rfd8 15. Rad1 Be4 16. Nb5 a6 17. Nc3 Bxf3 18. Bxf3 Na5 19. Qa4 Nxc4 20. Bxb7
Nxd2 21. Rxd2 c5 22. a3 Rxb7 23. axb4 Rxb4 0-1

[Event "Oban Open"]
[Site "Oban"]
[Date "2015.11.20"]
[Round "1"]
[White "Doyle, Jim"]
[Black "Toothill, John"]
[Result "1/2-1/2"]
[WhiteElo "1891"]
[BlackElo "2151"]
[PlyCount "85"]
[EventDate "2015.10.??"]
[EventType "swiss"]
[EventRounds "5"]
[EventCountry "SCO"]
[SourceDate "2015.12.10"]

1. d4 Nf6 2. c4 g6 3. Nc3 d5 4. Bg5 Ne4 5. h4 Nxc3 6. bxc3 c5 7. e3 Bg7 8. Be2
dxc4 9. Bxc4 Qa5 10. Qd2 Nc6 11. Ne2 O-O 12. O-O Rd8 13. Rad1 Bf5 14. Ng3 h6
15. Nxf5 gxf5 16. Bf4 e5 17. Bg3 exd4 18. cxd4 Qxd2 19. Rxd2 cxd4 20. exd4 Rxd4
21. Rxd4 Nxd4 22. Rc1 Bf6 23. Kf1 Rd8 24. Bf4 b5 25. Be2 Nxe2 26. Kxe2 Kg7 27.
g3 Rd4 28. Rc6 Ra4 29. Bxh6+ Kxh6 30. Rxf6+ Kg7 31. Rxf5 Rxa2+ 32. Kd3 b4 33.
Kc4 a5 34. g4 Rc2+ 35. Kb3 Rc3+ 36. Kb2 a4 37. Rb5 a3+ 38. Ka2 Rc2+ 39. Kb1
Rb2+ 40. Ka1 b3 41. f3 Ra2+ 42. Kb1 Rb2+ 43. Ka1 1/2-1/2

[Event "Oban Open"]
[Site "Oban"]
[Date "2015.11.20"]
[Round "1"]
[White "Rutherford, William"]
[Black "Newton, Andrew"]
[Result "0-1"]
[WhiteElo "2064"]
[BlackElo "1862"]
[PlyCount "124"]
[EventDate "2015.10.??"]
[EventType "swiss"]
[EventRounds "5"]
[EventCountry "SCO"]
[SourceDate "2015.12.10"]

1. d4 d5 2. Nf3 Nf6 3. Bf4 c5 4. e3 Qb6 5. b3 Nc6 6. Be2 Bg4 7. c3 e6 8. O-O
Rc8 9. Nbd2 Be7 10. h3 Bh5 11. Ne5 Bg6 12. Nxg6 hxg6 13. Nf3 Ne4 14. dxc5 Bxc5
15. Qd3 Be7 16. Ne5 Bf6 17. Ng4 Bxc3 18. Rac1 Nb4 19. Qb5+ Qxb5 20. Bxb5+ Ke7
21. a3 a6 22. Be2 Nc6 23. f3 Nd2 24. Rfd1 Na5 25. Rxc3 Rxc3 26. Rxd2 Nxb3 27.
Rb2 Na5 28. e4 Rxa3 29. exd5 exd5 30. Rb6 Rb3 31. Bd6+ Ke8 32. Bb4 Nc6 33. Bc5
Rxb6 34. Bxb6 Kd7 35. f4 Re8 36. Kf2 Kd6 37. Bf3 f6 38. Ne3 Ne7 39. Ba5 Kc5 40.
Nc2 Nc6 41. Bd2 b5 42. Be3+ d4 43. Bd2 Rd8 44. Be4 f5 45. Bd3 a5 46. g4 b4 47.
gxf5 gxf5 48. Bxf5 d3 49. Ne1 Nd4 50. Bxd3 Nc2 51. Be3+ Nxe3 52. Kxe3 b3 53.
Nf3 a4 54. Nd2 Re8+ 55. Ne4+ Kb4 56. Kd2 a3 57. Kc1 Rf8 58. f5 Rxf5 59. Nd2 Rh5
60. Nf1 b2+ 61. Kb1 Rd5 62. Kc2 Rxd3 0-1

[Event "Oban Open"]
[Site "Oban"]
[Date "2015.11.20"]
[Round "1"]
[White "Kefalas, Loukas"]
[Black "Birkett, Richard"]
[Result "0-1"]
[WhiteElo "1844"]
[BlackElo "2061"]
[PlyCount "42"]
[EventDate "2015.10.??"]
[EventType "swiss"]
[EventRounds "5"]
[EventCountry "SCO"]
[SourceDate "2015.12.10"]

1. e4 e5 2. Nf3 Nc6 3. Bb5 a6 4. Ba4 d6 5. c3 Nge7 6. d4 Bd7 7. O-O Ng6 8. Re1
Be7 9. h3 O-O 10. Nbd2 Kh8 11. Nf1 Nh4 12. d5 Nb8 13. Bc2 f5 14. Nxh4 Bxh4 15.
g3 f4 16. gxh4 Qxh4 17. Qf3 Bxh3 18. Nh2 Rf6 19. Kh1 Rh6 20. Rg1 Bg4 21. Qg2
Bf3 0-1

[Event "Oban Open"]
[Site "Oban"]
[Date "2015.11.20"]
[Round "1"]
[White "Romilly, Peter J"]
[Black "Jelfs, Alan"]
[Result "1-0"]
[WhiteElo "2057"]
[BlackElo "1840"]
[PlyCount "61"]
[EventDate "2015.10.??"]
[EventType "swiss"]
[EventRounds "5"]
[EventCountry "SCO"]
[SourceDate "2015.12.10"]

1. e4 e5 2. Nf3 Nc6 3. Bb5 a6 4. Ba4 Nf6 5. d3 b5 6. Bb3 Be7 7. Nbd2 O-O 8. Nf1
d6 9. c3 Bb7 10. Ng3 Na5 11. Bc2 c5 12. O-O Qc7 13. Nf5 d5 14. Bg5 dxe4 15.
dxe4 Rad8 16. Qe2 Rfe8 17. Rad1 Nc6 18. N3h4 Bc8 19. Qf3 Rxd1 20. Rxd1 Nd8 21.
Nxe7+ Qxe7 22. Nf5 Qf8 23. Bxf6 gxf6 24. Nd6 Re6 25. Nxc8 Nb7 26. Qg3+ Kh8 27.
Rd7 Na5 28. Qd3 Nc6 29. Nd6 c4 30. Qd2 Nb8 31. Rd8 1-0

[Event "Oban Open"]
[Site "Oban"]
[Date "2015.11.20"]
[Round "1"]
[White "Marks, Ian A"]
[Black "Page, Mark"]
[Result "0-1"]
[WhiteElo "1802"]
[BlackElo "2047"]
[PlyCount "88"]
[EventDate "2015.10.??"]
[EventType "swiss"]
[EventRounds "5"]
[EventCountry "SCO"]
[SourceDate "2015.12.10"]

1. d4 Nf6 2. Nc3 g6 3. e4 d6 4. f4 Bg7 5. Nf3 O-O 6. Bd3 c5 7. dxc5 dxc5 8. O-O
Nc6 9. e5 Nd5 10. Nxd5 Qxd5 11. Qe2 Bg4 12. Be4 Qd7 13. c3 Rac8 14. Be3 b6 15.
h3 Bxf3 16. Qxf3 Qc7 17. Rad1 Na5 18. b3 Rcd8 19. b4 Nc4 20. Bc1 e6 21. Bd3
cxb4 22. cxb4 Rd4 23. Bxc4 Qxc4 24. Bb2 Rxd1 25. Rxd1 Qxa2 26. Ba3 b5 27. Rd7
h5 28. Rxa7 Bh6 29. Kh2 Qc4 30. g3 Rd8 31. Ra8 Qc2+ 32. Kh1 Qb1+ 33. Kg2 Qa2+
34. Kh1 Rxa8 35. Qxa8+ Bf8 36. Qf3 Bxb4 37. Bxb4 Qb1+ 38. Kg2 Qxb4 39. g4 hxg4
40. hxg4 Qd2+ 41. Kf1 b4 42. f5 gxf5 43. gxf5 Qc1+ 44. Ke2 Qc2+ 0-1

[Event "Oban Open"]
[Site "Oban"]
[Date "2015.11.20"]
[Round "1"]
[White "Grant, Alan"]
[Black "Robinson, Stephen"]
[Result "0-1"]
[WhiteElo "1990"]
[BlackElo "1753"]
[PlyCount "72"]
[EventDate "2015.10.??"]
[EventType "swiss"]
[EventRounds "5"]
[EventCountry "SCO"]
[SourceDate "2015.12.10"]

1. d4 e6 2. Nf3 f5 3. h3 b6 4. g4 Bb7 5. Bg2 Nf6 6. Nc3 Bb4 7. Bg5 h6 8. Bxf6
Qxf6 9. Qd2 Nc6 10. O-O-O O-O-O 11. a3 Bxc3 12. Qxc3 fxg4 13. hxg4 Qf4+ 14. Kb1
Ne7 15. Rhg1 Nd5 16. Qe1 Nf6 17. e3 Qxg4 18. Ne5 Qh5 19. Bxb7+ Kxb7 20. Rxg7 d6
21. Ng6 Rhg8 22. Nf4 Qf5 23. Qh1+ d5 24. Rdg1 Rxg7 25. Rxg7 h5 26. Qh4 Rd6 27.
Qg5 Ng4 28. Nd3 Qf3 29. Qxh5 Qd1+ 30. Ka2 Qxc2 31. Qxg4 Qc4+ 32. Ka1 Qxd3 33.
Qh3 Qd1+ 34. Ka2 Rc6 35. Qg4 Qd3 36. Qf3 Rc1 0-1

[Event "Oban Open"]
[Site "Oban"]
[Date "2015.11.20"]
[Round "1"]
[White "Brown, Allan D"]
[Black "Thomson, Neil"]
[Result "0-1"]
[WhiteElo "1695"]
[BlackElo "1976"]
[PlyCount "58"]
[EventDate "2015.10.??"]
[EventType "swiss"]
[EventRounds "5"]
[EventCountry "SCO"]
[SourceDate "2015.12.10"]

1. d4 g6 2. g3 Nf6 3. Bg2 Bg7 4. c4 O-O 5. Nc3 d6 6. e4 Nbd7 7. Nge2 e5 8. O-O
c6 9. d5 cxd5 10. cxd5 a5 11. Be3 Ng4 12. Qd2 Nxe3 13. Qxe3 f5 14. f3 f4 15.
Qf2 Nc5 16. Rfd1 Bd7 17. Rac1 b5 18. b3 b4 19. Nb1 Bb5 20. Rxc5 dxc5 21. Nd2 a4
22. Nc4 axb3 23. axb3 Bxc4 24. bxc4 Ra2 25. Qxc5 Rxe2 26. Qxb4 Qa8 27. Bf1 Qa7+
28. c5 Rc2 29. d6 Qxc5+ 0-1

[Event "Oban Open"]
[Site "Oban"]
[Date "2015.11.21"]
[Round "2"]
[White "Greet, Andrew"]
[Black "Phillips, David A"]
[Result "1-0"]
[WhiteElo "2496"]
[BlackElo "1985"]
[PlyCount "103"]
[EventDate "2015.10.??"]
[EventType "swiss"]
[EventRounds "5"]
[EventCountry "SCO"]
[SourceDate "2015.12.10"]

1. d4 Nf6 2. c4 e5 3. dxe5 Ng4 4. Nf3 Nc6 5. Bf4 Bb4+ 6. Nbd2 Qe7 7. e3 Ngxe5
8. Nxe5 Nxe5 9. Be2 O-O 10. O-O Ng6 11. Bg3 Bd6 12. Bxd6 Qxd6 13. Rc1 Qe7 14.
c5 d6 15. cxd6 Qxd6 16. Nc4 Qf6 17. a4 Bf5 18. Qd5 c6 19. Qd6 Qg5 20. Rfd1 Be4
21. Qg3 Qxg3 22. hxg3 Bd5 23. Na5 Rab8 24. f3 f5 25. Rd4 Ne7 26. g4 b6 27. Nc4
c5 28. Rf4 g5 29. Rxf5 Nxf5 30. gxf5 Kg7 31. e4 Bxc4 32. Bxc4 Kf6 33. Kf2 h5
34. Ke3 Rbd8 35. Rh1 Rh8 36. f4 h4 37. Be6 g4 38. e5+ Ke7 39. Bc4 h3 40. f6+
Kf8 41. Be6 Rh6 42. gxh3 gxh3 43. Rxh3 Rxh3+ 44. Bxh3 c4 45. Be6 Rd3+ 46. Ke4
Rd2 47. Bxc4 Rxb2 48. e6 Rb4 49. Kd3 a6 50. e7+ Ke8 51. Bxa6 Rb3+ 52. Kd2 1-0

[Event "Oban Open"]
[Site "Oban"]
[Date "2015.11.21"]
[Round "2"]
[White "Bamber, Elaine"]
[Black "Gillies, Alex"]
[Result "0-1"]
[WhiteElo "2106"]
[BlackElo "1908"]
[PlyCount "129"]
[EventDate "2015.10.??"]
[EventType "swiss"]
[EventRounds "5"]
[EventCountry "SCO"]
[SourceDate "2015.12.10"]

1. e4 d5 2. exd5 Nf6 3. Bb5+ Nbd7 4. c4 a6 5. Ba4 b5 6. cxb5 Nxd5 7. bxa6 Bxa6
8. Qf3 Bb7 9. Bb5 Rb8 10. Qg4 c6 11. Be2 e6 12. a3 Ne5 13. Qg3 Bd6 14. Qxg7 Ng6
15. Qd4 Be5 16. Qc5 Qf6 17. Nf3 Bxb2 18. Bxb2 Qxb2 19. Qd4 Qxd4 20. Nxd4 Ndf4
21. Bf3 Nd3+ 22. Kf1 Nde5 23. Bd1 c5 24. Ne2 Ba6 25. Nbc3 Nf4 26. Ne4 Nfd3 27.
f4 Nc4 28. Bc2 Ncb2 29. Rb1 Ke7 30. Nf2 Nxf4 31. d3 Nfxd3 32. g3 f5 33. Nxd3
Nxd3 34. Rd1 Rhd8 35. Rg1 Rb2 36. Bxd3 Bxd3 37. Re1 Bxe2+ 38. Rxe2 Rd1+ 39. Re1
Rxe1+ 40. Kxe1 Ra2 41. h4 h5 42. Rf1 Rxa3 43. Kf2 e5 44. Rd1 Ke6 45. Rd8 c4 46.
Rc8 Kd5 47. Rd8+ Ke4 48. Rc8 Ra2+ 49. Ke1 Kd3 50. Rd8+ Ke3 51. Kd1 Rg2 52. Rf8
Ke4 53. Rh8 c3 54. Rh7 Rxg3 55. Kc2 f4 56. Ra7 Rh3 57. Ra1 Rxh4 58. Kxc3 Rh3+
59. Kc4 h4 60. Re1+ Re3 61. Rh1 h3 62. Rh2 Ra3 63. Kb4 Rg3 64. Kc4 Kf3 65. Ra2
0-1

[Event "Oban Open"]
[Site "Oban"]
[Date "2015.11.21"]
[Round "2"]
[White "Birkett, Richard"]
[Black "Newton, Andrew"]
[Result "0-1"]
[WhiteElo "2061"]
[BlackElo "1862"]
[PlyCount "60"]
[EventDate "2015.10.??"]
[EventType "swiss"]
[EventRounds "5"]
[EventCountry "SCO"]
[SourceDate "2015.12.10"]

1. e4 c5 2. d4 cxd4 3. Qxd4 Nc6 4. Qd1 d6 5. Nf3 Nf6 6. Bc4 e6 7. Bd3 Be7 8.
O-O O-O 9. c4 b6 10. Nc3 Bb7 11. Qe2 a6 12. b3 Nd7 13. Ba3 Nde5 14. Nxe5 dxe5
15. Bxe7 Qxe7 16. Na4 Nd4 17. Qh5 Qc7 18. Rae1 b5 19. Nc3 b4 20. Na4 Rfd8 21.
Re3 f6 22. Rh3 g6 23. Qh4 f5 24. exf5 exf5 25. Nb6 e4 26. Nxa8 Bxa8 27. Bb1
Ne2+ 28. Kh1 Nf4 29. Qg3 Qd6 30. c5 Qd1 0-1

[Event "Oban Open"]
[Site "Oban"]
[Date "2015.11.21"]
[Round "2"]
[White "Thomson, Neil"]
[Black "Romilly, Peter J"]
[Result "0-1"]
[WhiteElo "1976"]
[BlackElo "2057"]
[PlyCount "70"]
[EventDate "2015.10.??"]
[EventType "swiss"]
[EventRounds "5"]
[EventCountry "SCO"]
[SourceDate "2015.12.10"]

1. e4 c5 2. Nf3 e6 3. d4 cxd4 4. Nxd4 Nc6 5. Nc3 Qc7 6. g3 Nf6 7. Bg2 a6 8. Nb3
Bb4 9. Bd2 O-O 10. O-O Ne5 11. Nb5 Qc4 12. Bxb4 Qxb4 13. Nd6 Ne8 14. Nxc8 Rxc8
15. f4 Nc4 16. Qxd7 Nf6 17. c3 Qb6+ 18. Qd4 Qc7 19. Qf2 e5 20. h3 Rfe8 21. Rfe1
Rcd8 22. f5 Rd6 23. Rad1 Red8 24. Rxd6 Rxd6 25. Bf1 b5 26. Bxc4 bxc4 27. Nd2
Rd3 28. Nf3 h6 29. Re2 Qd6 30. Ne1 Rd1 31. Kg2 Nd7 32. Nc2 Nc5 33. Ne3 Nxe4 34.
Nxc4 Qd3 35. Qf3 Rg1+ 0-1

[Event "Oban Open"]
[Site "Oban"]
[Date "2015.11.21"]
[Round "2"]
[White "Page, Mark"]
[Black "Robinson, Stephen"]
[Result "0-1"]
[WhiteElo "2047"]
[BlackElo "1753"]
[PlyCount "95"]
[EventDate "2015.10.??"]
[EventType "swiss"]
[EventRounds "5"]
[EventCountry "SCO"]
[SourceDate "2015.12.10"]

1. e4 e6 2. d4 d5 3. exd5 exd5 4. Nf3 c6 5. Bd3 Bd6 6. O-O Ne7 7. Re1 Bg4 8.
Nbd2 Qc7 9. Nf1 Nd7 10. Ng3 O-O-O 11. h3 Bxf3 12. Qxf3 Rde8 13. Bd2 g6 14. c4
dxc4 15. Bxc4 f5 16. Rac1 Nb6 17. Ba5 h5 18. d5 Bxg3 19. fxg3 Qd6 20. Bxb6 axb6
21. Kh1 Nxd5 22. Rxe8+ Rxe8 23. Bxd5 Kb8 24. Bb3 Qd2 25. Qf4+ Qxf4 26. gxf4 Re4
27. Bf7 Rxf4 28. Bxg6 h4 29. Kg1 Rb4 30. b3 b5 31. Bxf5 Kc7 32. Rc3 Rf4 33. Rf3
Rd4 34. Bd3 b4 35. Kf2 c5 36. Ke3 Rd8 37. Rf7+ Kc8 38. Rh7 Rg8 39. Be4 Rg3+ 40.
Kf4 b5 41. Rxh4 Rc3 42. g4 c4 43. g5 Rc1 44. g6 Rf1+ 45. Ke5 Rf8 46. g7 Re8+
47. Kf6 Kd7 48. Bf5+ 0-1

[Event "Oban Open"]
[Site "Oban"]
[Date "2015.11.21"]
[Round "2"]
[White "Berry, Neil"]
[Black "Doyle, Jim"]
[Result "1-0"]
[WhiteElo "2288"]
[BlackElo "1891"]
[PlyCount "59"]
[EventDate "2015.10.??"]
[EventType "swiss"]
[EventRounds "5"]
[EventCountry "SCO"]
[SourceDate "2015.12.10"]

1. d4 Nf6 2. Nf3 g6 3. c4 Bg7 4. Nc3 d5 5. cxd5 Nxd5 6. e4 Nxc3 7. bxc3 O-O 8.
Be2 c5 9. O-O cxd4 10. cxd4 Nc6 11. Be3 Bg4 12. d5 Bxf3 13. Bxf3 Ne5 14. Be2 a6
15. a4 Rc8 16. Rb1 Qd7 17. Bd4 h5 18. h3 f6 19. Qb3 b5 20. axb5 axb5 21. Bxb5
Qd6 22. Qe3 Kh7 23. Be2 Bh6 24. f4 Nc4 25. Bxc4 Rxc4 26. Rb7 Kh8 27. Rb6 Qd8
28. Rd1 Qc7 29. e5 fxe5 30. Bxe5+ 1-0

[Event "Oban Open"]
[Site "Oban"]
[Date "2015.11.21"]
[Round "2"]
[White "Murdochy, Shivan"]
[Black "Orr, Mark JL"]
[Result "1/2-1/2"]
[WhiteElo "1912"]
[BlackElo "2169"]
[PlyCount "78"]
[EventDate "2015.10.??"]
[EventType "swiss"]
[EventRounds "5"]
[EventCountry "SCO"]
[SourceDate "2015.12.10"]

1. d4 Nf6 2. c4 e6 3. Nc3 d5 4. cxd5 exd5 5. Bg5 c6 6. Qc2 Be7 7. e3 O-O 8. Bd3
Nbd7 9. Nf3 Re8 10. h3 Nf8 11. Bf4 Bd6 12. Bxd6 Qxd6 13. O-O Be6 14. Rab1 a5
15. a3 N6d7 16. Rfc1 f6 17. Na4 Bf7 18. b4 axb4 19. axb4 Rac8 20. Qb2 b5 21.
Nc5 Nxc5 22. Rxc5 Nd7 23. Rcc1 Nb6 24. Nd2 Nc4 25. Qc3 Bg6 26. Bxg6 hxg6 27.
Nb3 f5 28. Nc5 g5 29. Re1 g6 30. Qd3 Rc7 31. g3 Ra7 32. Kg2 Rea8 33. Re2 Ra3
34. Rb3 Rxb3 35. Qxb3 Ra3 36. Qb1 Kf7 37. Qc1 Ra7 38. Qb1 Re7 39. Qd3 Ra7
1/2-1/2

[Event "Oban Open"]
[Site "Oban"]
[Date "2015.11.21"]
[Round "2"]
[White "Neave, George"]
[Black "Sykes, Chris"]
[Result "1/2-1/2"]
[WhiteElo "2130"]
[BlackElo "1876"]
[PlyCount "119"]
[EventDate "2015.10.??"]
[EventType "swiss"]
[EventRounds "5"]
[EventCountry "SCO"]
[SourceDate "2015.12.10"]

1. d4 d5 2. c4 e6 3. Nc3 Nf6 4. cxd5 exd5 5. e3 c6 6. Bd3 Bd6 7. Nge2 b6 8. Ng3
Ba6 9. Nf5 Bxd3 10. Qxd3 g6 11. Nxd6+ Qxd6 12. h3 O-O 13. O-O Nbd7 14. b3 Rfe8
15. a4 Ne4 16. Ba3 Qe6 17. Nxe4 dxe4 18. Qc4 Qxc4 19. bxc4 c5 20. dxc5 Nxc5 21.
Bxc5 bxc5 22. Rab1 Rab8 23. Rb5 Rbc8 24. Rb7 a6 25. Rb6 Rb8 26. Rxa6 Rb4 27.
Rc1 Reb8 28. Ra5 Rb1 29. Rxb1 Rxb1+ 30. Kh2 Rb4 31. Rxc5 Rxa4 32. Kg3 Kf8 33.
Kf4 Ra2 34. Kxe4 Rxf2 35. Rg5 h6 36. Rg3 Rd2 37. Kf3 Ke7 38. Rg4 Ke6 39. Re4+
Kf6 40. Rd4 Rc2 41. Ke4 Ke6 42. g3 Rc3 43. h4 f5+ 44. Kf3 Rc2 45. e4 Rc3+ 46.
Kf4 g5+ 47. hxg5 hxg5+ 48. Kxg5 Rxg3+ 49. Kf4 Rg4+ 50. Kf3 Rxe4 51. Rxe4+ fxe4+
52. Kxe4 Kd6 53. Kd4 Kc6 54. c5 Kc7 55. Kd5 Kd7 56. c6+ Kc7 57. Kc5 Kc8 58. Kb6
Kb8 59. c7+ Kc8 60. Kb5 1/2-1/2

[Event "Oban Open"]
[Site "Oban"]
[Date "2015.11.21"]
[Round "2"]
[White "Toothill, John"]
[Black "Dawson, Alastair"]
[Result "1/2-1/2"]
[WhiteElo "2151"]
[BlackElo "1861"]
[PlyCount "52"]
[EventDate "2015.10.??"]
[EventType "swiss"]
[EventRounds "5"]
[EventCountry "SCO"]
[SourceDate "2015.12.10"]

1. e4 d6 2. d4 Nf6 3. Nc3 e5 4. Nf3 Nbd7 5. Bc4 Be7 6. O-O Nb6 7. Bb3 exd4 8.
Nxd4 c5 9. Nf5 Bxf5 10. exf5 c4 11. Ba4+ Nxa4 12. Nxa4 d5 13. Be3 O-O 14. Nc3
Qd7 15. Qf3 b5 16. Rad1 Rfd8 17. Bd4 Ne8 18. Be5 Nf6 19. Bxf6 Bxf6 20. Nxd5 Qd6
21. Nxf6+ Qxf6 22. c3 h6 23. Rd5 b4 24. Rfd1 bxc3 25. bxc3 Rxd5 26. Qxd5 Rb8
1/2-1/2

[Event "Oban Open"]
[Site "Oban"]
[Date "2015.11.21"]
[Round "2"]
[White "Kefalas, Loukas"]
[Black "Robertson, Ian C"]
[Result "1-0"]
[WhiteElo "1844"]
[BlackElo "2085"]
[PlyCount "37"]
[EventDate "2015.10.??"]
[EventType "swiss"]
[EventRounds "5"]
[EventCountry "SCO"]
[SourceDate "2015.12.10"]

1. Nf3 d5 2. d4 Nf6 3. c4 e6 4. Nc3 dxc4 5. e3 a6 6. a4 c5 7. Bxc4 Qc7 8. Qe2
Nc6 9. O-O b6 10. d5 exd5 11. Nxd5 Nxd5 12. Bxd5 Bb7 13. Ng5 Nd8 14. e4 Be7 15.
Qg4 O-O 16. Bf4 Qc8 17. Qh5 h6 18. Qg6 Bxg5 19. Be5 1-0

[Event "Oban Open"]
[Site "Oban"]
[Date "2015.11.21"]
[Round "2"]
[White "Jelfs, Alan"]
[Black "Rutherford, William"]
[Result "1-0"]
[WhiteElo "1840"]
[BlackElo "2064"]
[PlyCount "105"]
[EventDate "2015.10.??"]
[EventType "swiss"]
[EventRounds "5"]
[EventCountry "SCO"]
[SourceDate "2015.12.10"]

1. d4 Nf6 2. c4 e6 3. Nf3 d5 4. Nc3 Be7 5. Bg5 O-O 6. e3 Nbd7 7. Qc2 c6 8. Rc1
h6 9. h4 Re8 10. Bf4 Qa5 11. c5 Ne4 12. Bd3 f5 13. Ne5 Qd8 14. Ng6 Bf6 15. f3
Nxc3 16. Qxc3 Nf8 17. Nxf8 Kxf8 18. h5 Kg8 19. Kd2 Bg5 20. Be5 Bf6 21. Bf4 Bg5
22. Be5 Bf6 23. Bh2 Bd7 24. Rcg1 b6 25. b4 a5 26. a3 axb4 27. axb4 bxc5 28.
bxc5 Ra2+ 29. Bc2 Qa5 30. Ra1 Ra8 31. Qxa5 R8xa5 32. Rxa2 Rxa2 33. Rb1 Bg5 34.
Rb8+ Kf7 35. Rb7 Ke8 36. g4 fxg4 37. fxg4 e5 38. Bxe5 Bxg4 39. Kc3 Bxh5 40. Bf5
Bxe3 41. Bd6 g5 42. Bd7+ Kf7 43. Bxc6+ Kf6 44. Be5+ Kf5 45. Bxd5 Ra3+ 46. Kb4
Rd3 47. Kc4 Be2 48. Rf7+ Kg4 49. Bf3+ Bxf3 50. Kxd3 Bg1 51. Rxf3 Kxf3 52. c6 g4
53. c7 1-0

[Event "Oban Open"]
[Site "Oban"]
[Date "2015.11.21"]
[Round "2"]
[White "Brown, Allan D"]
[Black "Grant, Alan"]
[Result "0-1"]
[WhiteElo "1695"]
[BlackElo "1990"]
[PlyCount "70"]
[EventDate "2015.10.??"]
[EventType "swiss"]
[EventRounds "5"]
[EventCountry "SCO"]
[SourceDate "2015.12.10"]

1. d4 d5 2. Nf3 Nf6 3. e3 g6 4. Bd3 Bg7 5. c4 O-O 6. Nc3 b6 7. cxd5 Nxd5 8. O-O
Bb7 9. Bd2 Nd7 10. Rc1 c5 11. Bc4 e6 12. Re1 a6 13. e4 Nxc3 14. Bxc3 b5 15. Bb3
c4 16. Bc2 a5 17. a3 Qb6 18. Qd2 Rfd8 19. Qe3 b4 20. Bd2 Nf6 21. d5 Qxe3 22.
Bxe3 exd5 23. e5 Nd7 24. Bg5 Rdc8 25. axb4 axb4 26. e6 fxe6 27. Rxe6 Nc5 28.
Re7 Re8 29. Rc7 Rac8 30. Rxc8 Rxc8 31. Be7 Bxb2 32. Rb1 Bc3 33. Rd1 b3 34. Bb1
Na4 35. Ba3 Bf6 0-1

[Event "Oban Open"]
[Site "Oban"]
[Date "2015.11.21"]
[Round "2"]
[White "Marks, Ian A"]
[Black "Bhopal, Raj"]
[Result "1/2-1/2"]
[WhiteElo "1802"]
[BlackElo "1942"]
[PlyCount "116"]
[EventDate "2015.10.??"]
[EventType "swiss"]
[EventRounds "5"]
[EventCountry "SCO"]
[SourceDate "2015.12.10"]

1. d4 d5 2. Nc3 g6 3. e4 dxe4 4. Nxe4 Bg7 5. c3 b6 6. Bb5+ c6 7. Bd3 Bb7 8. Nf3
Nd7 9. Qe2 Ndf6 10. Bf4 Nxe4 11. Bxe4 Nf6 12. O-O-O Nxe4 13. Qxe4 Qd5 14. Qxd5
cxd5 15. Rde1 e6 16. h4 h6 17. Ne5 Rc8 18. Kd2 Ke7 19. Rh3 Bxe5 20. Bxe5 f6 21.
Bg3 Rc6 22. Bf4 Bc8 23. Rhh1 h5 24. f3 Bd7 25. g4 Kf7 26. Kd3 Rcc8 27. Reg1
Bb5+ 28. Kd2 a5 29. g5 f5 30. Be5 Rhd8 31. Bf6 Rd7 32. Be5 Ba6 33. Ra1 Ke7 34.
f4 Rb7 35. Rhc1 Kd7 36. Rc2 Rc6 37. Rcc1 Ra7 38. Rc2 Ra8 39. Rac1 Rac8 40. Ke3
Bc4 41. b3 Ba6 42. Kd2 Kd8 43. Ke3 Ra8 44. Kd2 b5 45. a3 Kc8 46. Ke3 Kb7 47.
Kd2 Rac8 48. b4 Kb6 49. Bf6 R6c7 50. Be5 Rd7 51. Ke3 Bb7 52. Ra1 Ra8 53. Rca2
Bc6 54. Kd2 axb4 55. axb4 Ra4 56. Kc2 Rda7 57. Kb2 Bd7 58. Bd6 Kb7 1/2-1/2